| 000 | 00713nam a2200277Ia 4500 | ||
|---|---|---|---|
| 005 | 20250425162637.0 | ||
| 008 | 250425s9999 xx 000 0 und d | ||
| 020 | _a9786074420982 | ||
| 041 | _aspa | ||
| 043 | _amx | ||
| 082 | _a158.7 | ||
| 100 | _aROBBINS, STEPHEN P. | ||
| 245 | 0 | _aCOMPORTAMIENTO ORGANIZACIONAL | |
| 250 | _a13A ED. | ||
| 260 |
_aMéxico _bPERSON EDUCACION _c2009 |
||
| 260 | _aS.L. | ||
| 300 | _a752 | ||
| 500 | _aINCLUYE CD | ||
| 500 | _aTítulo Traducido: ORGANIZATIONAL BEHAVIOR | ||
| 650 | _aCOMPORTAMIENTO ORGANIZACIONAL | ||
| 650 | _aTOMA DE DECISIONES | ||
| 700 |
_aJAVIER ENRIQUEZ BRITO _etraductor |
||
| 710 | _aPRENTICE HALL | ||
| 942 | _c01 | ||
| 010 | _a93036 | ||
| 999 |
_c233477 _d233477 |
||